| 000 | 00000nam##2200000za#4500 |
| 001 | 9.688683 |
| 003 | CaOODSP |
| 005 | 20210705115228 |
| 007 | cr ||||||||||| |
| 008 | 150407|2006||||xxc|||||o f|0| 0 eng|d |
| 020 | |a1-55392-825-3 |
| 040 | |aCaOODSP|beng |
| 043 | |an-cn--- |
| 086 | 1 |aH118-39/1-2006E-PDF |
| 110 | 1 |aCanada. |bCanadian Institute for Health Information. |
| 245 | 10|aPan-Canadian primary health care indicators, report 1, volume 1 |h[electronic resource] |
| 246 | 3 |aPan-Canadian Primary Health Care Indicator Development Project, report 1, volume 1 |
| 260 | |aOttawa - Ontario : |bCanadian Institute for Health Information |c2006. |
| 300 | |a109p.|breferences, tables |
| 500 | |a"Volume 1 of Pan-Canadian Primary Health Care Indicators presents the context and background for the 105 agreed upon pan-Canadian PHC indicators. The PHC indicators were developed as part of the National Evaluation Strategy (NES) process funded by Health Canada for the Primary Health Care Transition Fund. Volume 2 includes detailed indicator specifications for all of the agreed-upon PHC indicators."--Forward, Volume 2. |
| 520 | 3 |aThis report series reflects the outcome of a collaborative process to develop a list of agreed-upon PHC indicators across Canada. Report 1, Volume 1 presents the context and background for the 105 agreed upon indicators. Report 1, Volume 2 includes detailed technical specifications for each of the 105 indicators. Please note that the indicators have been rated by experts for face validity and importance but not yet field tested. A companion report outlining options for enhancing the pan-Canadian data collection infrastructure is also available. |
| 590 | |a06-33|b2006-08-18 |
| 690 | 07|aBirth|2gcpds |
| 690 | 07|aHealth care|2gcpds |
| 690 | 07|aCosts|2gcpds |
| 775 | 08|tIndicateurs pancanadiens de soins de santé primaires, rapport 1, volume 1 |w(CaOODSP)9.633138 |
| 776 | 0#|tPan-Canadian primary health care indicators, report 1, volume 1 |w(CaOODSP)9.650266 |
| 856 | 40|ahttp://publications.gc.ca|qPDF|s1311 KB|uhttps://publications.gc.ca/collections/Collection/H118-39-1-2006E.pdf |